000 00162 a2200073 4500
245 _aG Foundations of GMAT Math
_hText
005 20191017173237.0
260 _aNew York
_c2009
084 _aQA43.G58
999 _c9993
_d9993